000 01413cam a22003734a 4500
001 13335465
003 NUST - PNEC
005 20170116181200.0
008 991109s2000 enka b 001 0 eng
010 _a 2003374001
020 _a0750922931
035 _a(UkLWHE)b000039480
040 _aDLC
_cLIBRARY
042 _apcc
043 _ae-gx---
_aa-ja---
050 0 0 _aUG1282.A8
_bH45 2000
082 _a623.45119094309044 HEN
100 1 _aHenshall, Philip.
245 1 4 _aThe Nuclear axis : Germany, Japan and the atom bomb race, 1939-1945 /
_cPhilip Henshall.
260 _aStroud, Gloucestershire :
_bSutton Pub.,
_c2000.
300 _aviii, 230 p. :
_bill. ;
_c25 cm.
504 _aIncludes bibliographical references (p. [223]-224) and index.
650 0 _aAtomic bomb
_zGermany
_xHistory.
650 0 _aAtomic bomb
_zJapan
_xGeneral
650 0 _aWorld War, 1939-1945
_xScience.
650 0 _aWorld War, 1939-1945
_xTechnology.
650 0 _aArms race
_xHistory
_y20th century.
651 0 _aGermany
_xMilitary relations
_zJapan.
651 0 _aJapan
_xMilitary relations
_zGermany.
856 _uhttp://www.amazon.com/Nuclear-Axis-Phillip-Henshall/dp/0750922931/ref=sr_1_1?s=books&ie=UTF8&qid=1454916257&sr=1-1&keywords=0750922931
906 _a7
_bcbc
_corigres
_d2
_encip
_f20
_gy-gencatlg
942 _2ddc
_cBK
999 _c71399
_d71399